000 00654nam a2200241 i 4500
001 7504
003 ES-MaACL
005 20250523063353.0
007 t|
008 910124s1990 sp ||||1| spa d
020 _a84-7880-046-8
080 _a125
100 1 _aGómez Pin, Víctor
_958114
245 1 3 _aEl Infinito /
_cVictor Gomez Pin.
250 _a1a ed.
260 _aMadrid :
_bTemas de Hoy,
_c1990.
300 _a262 p. ;
_c21 cm.
490 1 _aNueva ciencia ;
_v2
650 1 4 _aInfinito.
_913752
830 0 _aNueva ciencia ;
_v2
_9177424
852 _aES-MaACL
_jL-14769
_bR.118799
_z. - rust.
999 _c7504
_d7504